[Event "Madrid"]
[Site "Madrid"]
[Date "1992.??.??"]
[Round "3"]
[White "Granda Zuniga, Julio E"]
[Black "Epishin, Vladimir"]
[Result "1/2-1/2"]
[WhiteElo "2615"]
[BlackElo "2620"]
[Annotator "Ribli,Z"]
[PlyCount "54"]
[EventDate "1992.05.??"]
[EventType "tourn"]
[EventRounds "9"]
[EventCountry "ESP"]
[EventCategory "13"]
[SourceTitle "CBM 030"]
[Source "ChessBase"]
[SourceDate "1992.10.01"]
[SourceVersion "1"]
[SourceVersionDate "1992.10.01"]
[SourceQuality "1"]

1. Nf3 Nf6 2. c4 g6 3. Nc3 d5 4. cxd5 Nxd5 5. Qa4+ Bd7 (5... Nc6 6. Ne5 Ndb4 7.
a3 Bg7 8. axb4 Bxe5 9. b5 Nb8 10. e3 O-O 11. d4 Bg7 12. Be2 $14 {Franco,
Z-Martinez S,F Sevilla 1992 CBM/29}) 6. Qc2 (6. Qb3 $5 Nb6 7. d4 Bg7 8. Bg5 Be6
9. Qc2 O-O 10. Rd1 c6 11. e4 Bg4 12. Qd2 Qc7 13. Be2 Re8 14. O-O $14 {Savon,
V-Lhagvasuren,C Cheliabinsk 1991 CBM/25}) (6. Qh4 Nxc3 7. dxc3 Nc6 8. e4 e6 $6
9. Qg3 f6 10. e5 fxe5 11. Bg5 Be7 12. h4 $14 {Ye Rongguang-Lputian,S PRC-CIS
Bejing 1991 CBM/28}) 6... Nb6 (6... Bc6 $6 7. e4 Nxc3 8. Qxc3 f6 9. Ng5 $1 Bh6
10. Ne6 Qd6 11. Bc4 Bd7 12. Nc5 Bc8 13. d4 $14 {Boensch,U-Gauglitz,G DDR-ch
Zittau 1989 CBM/12}) (6... Nb4 7. Qb3 c5 8. Ne4 Bf5 9. Nfg5 (9. d3 $1 $14) 9...
Qd5 10. Qxd5 Nxd5 11. Nxc5 e5 12. e4 Bxc5 13. exf5 gxf5 14. Bc4 Nb4 $13 {
Barle,J-Miralles,G Voskresensk 1990 CBM/19}) 7. d4 Bg7 8. Bf4 (8. Bg5 $5) (8.
e4 $5 O-O 9. Be3 $14) 8... O-O 9. Rd1 Nc6 10. e3 Nb4 11. Qb1 N4d5 12. Be5 Nxc3
13. bxc3 Ba4 14. Bxg7 Kxg7 15. Rd2 Qd5 16. Bd3 a6 $1 17. Rb2 Bb5 18. Bxb5 axb5
19. Rxb5 Qxa2 20. O-O Qxb1 21. Rfxb1 Na4 22. R5b3 (22. R1b3 $2 Nxc3 $19) 22...
b5 $1 $10 23. Nd2 (23. Kf1 $5) 23... c5 24. g3 Rfd8 25. Ra1 e5 26. Nf3 exd4 27.
exd4 Rac8 1/2-1/2

[Event "ARM-ch"]
[Site "Yerevan"]
[Date "1995.??.??"]
[Round "7"]
[White "Minasian, Ara"]
[Black "Khachiyan, Melikset"]
[Result "0-1"]
[WhiteElo "2425"]
[BlackElo "2420"]
[Annotator "Ribli,Z"]
[PlyCount "46"]
[EventDate "1995.08.??"]
[EventType "tourn"]
[EventRounds "11"]
[EventCountry "ARM"]
[EventCategory "10"]
[SourceTitle "CBM 050"]
[Source "ChessBase"]
[SourceDate "1996.02.01"]
[SourceVersion "1"]
[SourceVersionDate "1996.02.01"]
[SourceQuality "1"]

1. c4 Nf6 2. Nf3 g6 3. Nc3 d5 4. cxd5 Nxd5 5. Qa4+ {In letzten Zeit erreicht
Weiss mit dieser Fortsetzung keinen grossen Vorteil.} (5. g3 $5) (5. e4 $5)
5... Bd7 $1 6. Qd4 $6 (6. Qh4 Nxc3 7. Qd4 (7. dxc3 Nc6 8. e4 e5 9. Bg5 Be7 $10
{Khalifman,A-Svidler,R/RUS-ch Elista/1995/CBM50/}) 7... f6 8. Qxc3 e5 $1 9. e4
(9. Nxe5 fxe5 10. Qxe5+ Qe7 11. Qxh8 Nc6 12. Qc3 O-O-O 13. e3 Bg7 $44 {Belov,
I-Novik,M/Rostov/1993/INF58,15/: Nach meiner Meinung sollte man sehr genau
untersuchen, ob der Nachziehende wirklich genug Kompensation fuer das
geopferte Material hat. Gefühlsmässig bestreite ich dieses Urteil.}) 9... Nc6
10. a3 a5 11. Bc4 Bc5 12. d3 $13 {Kortschnoj,V-Ivanchuk,V/Moscow PCA/1995/
EXP46/}) 6... Nf6 7. Qh4 Nc6 {Eine Neuerung.} (7... Bg7 8. e4 $2 (8. d3 $5 $10)
8... h6 9. e5 Ng4 10. Qg3 Nc6 11. d4 Nb4 12. h3 Nc2+ 13. Kd1 Nxd4 $1 14. hxg4
Ba4+ $1 $17 {Andersson,U-Uhlmann,W-Skopje ol/1972/INF14,33/}) 8. e4 (8. d3 $5)
8... Bg7 9. e5 Ng4 10. d4 {Weiss droht einfach mit h3, aber jetzt ist noch
Schwarz am Zug.} Nb4 11. Bc4 Nc2+ 12. Ke2 (12. Kd1 Nxa1 {Schwarz droht im
Notfall auch mit Nxe5, weil der weisse Koenig auf der d-Linie sehr unguenstig
steht.}) 12... Bf5 $1 {Dieser kraftvolle Zug widerlegt das weisse Spielkonzept.
} (12... Nxa1 $6 13. h3 $13) 13. h3 {[#]} Nxd4+ $1 {Eine huebsche Kombination!}
14. Nxd4 Qxd4 15. Bb5+ c6 16. hxg4 Bc2 $1 {Der Schluesselzug!} 17. Be3 Qb4 18.
Rhc1 (18. Rac1 Qxb2 19. Bd3 Bb1+ $19 {Ungefahr wie die Partie.}) (18. Bd3 Qxb2
$19) 18... Qxb2 $1 {Jetzt gewinnt Schwarz die Figur zurueck.} 19. Bd3 Bb1+ $1
20. Kf3 (20. Bd2 Bxd3+ $1 21. Kxd3 Rd8+ $19) 20... Bxd3 21. Bc5 O-O-O 22. Bxe7
Be2+ $1 23. Kf4 (23. Nxe2 Rd3+ 24. Kf4 Qxe5#) 23... Qd2+ 0-1

[Event "Daugavpils"]
[Site "Daugavpils"]
[Date "1990.??.??"]
[Round "?"]
[White "Rausis, Igors"]
[Black "Terentiev, Sergei"]
[Result "1-0"]
[WhiteElo "2470"]
[BlackElo "2360"]
[Annotator "Ribli,Z"]
[PlyCount "51"]
[EventDate "1990.02.??"]
[EventType "tourn"]
[EventRounds "9"]
[EventCountry "LAT"]
[EventCategory "8"]
[SourceTitle "CBM 017"]
[Source "ChessBase"]
[SourceDate "1990.08.01"]
[SourceVersion "1"]
[SourceVersionDate "1990.08.01"]
[SourceQuality "1"]

1. Nf3 Nf6 2. c4 g6 3. Nc3 d5 4. cxd5 Nxd5 5. Qa4+ c6 $6 6. Qd4 f6 7. e4 Nb6 8.
Qxd8+ Kxd8 9. d4 Be6 {9...Bg4 10.Be2, Bxf3 11.gxf3!, N8d7 12.h4, e5 13.dxe5,
Nxe5 14.h5, +/- Gheorghiu-Kirov Varna 1971} 10. Bf4 g5 11. Bg3 h5 12. d5 $1 Bd7
{12...cxd5 13.exd5, Bxd5 14.Nxd5, Nxd5 15.0-0-0 +/-} 13. h4 g4 14. Nd4 $1 c5
15. Nb3 e5 16. dxe6 Bxe6 17. O-O-O+ Kc8 18. Nb5 Rh7 19. Bxb8 $1 {+/-} Bxb3 20.
axb3 Bh6+ 21. Kc2 Kxb8 22. Rd8+ Nc8 23. e5 $1 a6 24. Bd3 axb5 25. Bxh7 fxe5 26.
Rhd1 1-0

[Event "Serbian-ch 29th"]
[Site "Sabac"]
[Date "1998.04.27"]
[Round "8"]
[White "Cabrilo, Goran"]
[Black "Solak, Dragan"]
[Result "0-1"]
[WhiteElo "2490"]
[BlackElo "2380"]
[Annotator "Ribli,Z"]
[PlyCount "72"]
[EventDate "1998.04.20"]
[EventType "tourn"]
[EventRounds "13"]
[EventCountry "YUG"]
[EventCategory "9"]
[SourceTitle "CBM 065"]
[Source "ChessBase"]
[SourceDate "1998.08.06"]
[SourceVersion "1"]
[SourceVersionDate "1998.08.06"]
[SourceQuality "1"]

1. c4 Nf6 2. g3 g6 (2... c6 {Nach meiner Meinung bietet dieser Zug Schwarz
ausgezeichnete Ausgleichschancen. Ribli.} 3. Bg2 (3. Nf3 d5 4. b3) 3... d5 4.
Qc2 (4. b3 dxc4 5. bxc4 Qd4 {[%cal Rd4a1,Rd4c4]} 6. Nc3 Qxc4 $15)) 3. Bg2 Bg7
4. Nc3 O-O 5. e4 (5. d4 {Dieser Zug führt nach 5...d6 zur Königsindischen
Verteidigung, aber Schwarz kann mit 5...c6 nebst 6...d5 auch einen relativ
passiven Aufbau der Grünfeld-Indischen Verteidigung anstreben.}) 5... d6 6.
Nge2 c6 7. O-O (7. d4 $5) 7... a6 8. a4 (8. d3 b5 (8... Nfd7 9. Be3 b5 10. Qd2
(10. h3 Nb6 11. c5 dxc5 12. Bxc5 N8d7 13. Bd4 Bxd4 14. Nxd4 Ne5 15. Nce2 c5 16.
f4 Nxd3 17. Qxd3 cxd4 18. Qxd4 Qxd4+ 19. Nxd4 Bb7 20. b3 Rfd8 {Schaffarth,
P-Valkyser,S/NRW-II 1992/1/2-1/2 (59)}) 10... Re8 11. f4 Bb7 12. Rae1 c5 13. b3
b4 14. Nd1 Nc6 15. d4 cxd4 16. Nxd4 Nxd4 17. Bxd4 Bxd4+ 18. Qxd4 Qc7 {1/2-1/2
Pevzner,A-Kaminski,M/Warsaw op 1993 (42)}) (8... Nbd7 9. h3 e5 10. a4 a5 11.
Kh2 Nc5 12. Be3 h6 13. Qc2 Kh7 14. Rad1 Qe7 15. Rd2 Bd7 16. Rfd1 Na6 17. d4 Nb4
18. Qb1 Be6 19. b3 {1-0 Schneider,L-Da Silva,L/WchS 1993 (37)}) 9. Rb1 bxc4 10.
dxc4 Nbd7 (10... a5 11. h3 Nfd7 12. Be3 Na6 13. Qd2 Nac5 14. b3 Qc7 15. Rfd1
Rb8 16. Nd4 Re8 17. Kh2 Bb7 18. f4 Rbd8 19. Nde2 Ba6 20. Qc2 {Hole,O-Dannevig,
O/NOR-ch 1993/1-0 (56)}) 11. b3 Rb8 12. Bb2 Qc7 13. Qd2 Nc5 14. Rbd1 a5 15. Ba3
Nfd7 16. Nd4 Ba6 17. Rfe1 Rbd8 {Eidinger,H-Ballmann,M/Weihnachts Open 1996/1/
2-1/2 (60)}) (8. Rb1 b5 9. cxb5 axb5 10. b4 $14) 8... a5 {Schwarz verliert ein
Tempo, sichert sich aber einen dauerhaften Vorposten auf b4.} 9. h3 (9. d3 Na6
10. h3 Nb4 11. Na2 Nxa2 (11... Nd7 12. d4 e5 13. Nxb4 axb4 14. Be3 exd4 15.
Bxd4 Nc5 16. b3 Re8 17. Bxc5 dxc5 18. Qxd8 Rxd8 19. Rad1 Be6 20. Nf4 Bd4 21.
Nxe6 fxe6 {0-1 Knoedler,D-Mikavica,M/Weihnachts Open 1996 (35)}) 12. Rxa2 e5
13. d4 exd4 14. Nxd4 Re8 15. Re1 d5 16. cxd5 cxd5 17. exd5 Rxe1+ 18. Qxe1 Nxd5
19. Nc2 Be6 {Hofland,L-Van der Vliet,F/NLD-ch 1977/0-1 (61)}) 9... Na6 {
[%cal Ga6b4,Ga6c5]} 10. d4 e5 11. Be3 {Weiß kontrolliert mehr Raum, aber
Schwarz hat eine feste Stellung.} (11. dxe5 dxe5 12. Qxd8 Rxd8 13. Be3 {
[%csl Yb6]} Nb4 $11) 11... Re8 (11... Qe7 12. Re1 Nb4 13. Rc1 exd4 14. Bxd4 Be6
15. b3 Rfd8 16. Nf4 g5 17. Nfd5 Bxd5 18. exd5 Qd7 19. Bxf6 Bxf6 20. Ne4 Qf5 21.
h4 Kg7 22. g4 Qf4 23. Ng3 {1-0 Miezis,N-Reschke,S/Schwaebisch Gmuend op 1994})
12. b3 {Weiß verbessert seine Bauernstellung am Damenflügel.} (12. dxe5 dxe5
13. Qxd8 Rxd8 14. Bb6 Rd2 15. b3 (15. Rad1 Rxd1 16. Rxd1 Be6 17. b3 (17. Rd8+
$6 Rxd8 18. Bxd8 Bxc4 19. Bxa5 Nc5 $15) 17... Nd7 (17... Nb4 18. Rd8+ Rxd8 19.
Bxd8 $16 {[%csl Ra5][%cal Rd8a5]}) 18. Bxa5 Nac5 19. b4 Nb3 $13) (15. Bxa5 Rxb2
$11) 15... Nd7 16. Bxa5 Nac5 $13 {[%cal Ra8a5,Rc5b3]}) 12... Qc7 13. Ra2 $14 {
[%cal Ya2d2] Weiß kontrolliert mehr Raum und bereitet die Verdoppelung in der
d-Linie vor. Die Schwäche des Punktes b4 ist ohne bedeutung.} Bd7 14. Rd2 Rad8
{Schwarz hat eine sehr feste Stellung ohne Schwächen. Weiß steht wegen seines
Raumvorteils theoretisch immer ein wenig besser, aber es ist sehr schwierig
voranzukommen.} 15. Qb1 (15. Kh2 Bc8 16. f4 exd4 17. Nxd4 Nc5 {[%csl Re4]} 18.
Qc2 Qe7) 15... Bc8 16. Rfd1 h5 {Ein guter prophylaktischer Zug. Schwarz
verhindert die Möglichkeit g3-g4 und gewinnt Raum am Königsflügel.} 17. d5 {
Endlich schließt Weiß das Zentrum. So war allerdings die Turmverdoppelung in
der d-Linie überflüssig.} Bf8 (17... c5 {Danach erlangt Weiß freie Hand am
Königsflügel.} 18. Nb5 Qb8 19. f4 $14) (17... Kh7 $5) 18. Nc1 {Der Springer
strebt nach d3, wo er die Punkte b4 und c5 kontrolliert, sowie den eventuellen
Durchbruch f2-f4 vorbereitet.} Kh7 19. Nd3 {[%csl Gd3]} Nb4 $1 20. Rf1 Nd7 21.
Nxb4 axb4 22. Na2 {[%cal Ra2b4]} c5 {In dieser geschlossenen Stellung besitzt
Weiß etwas Raumvorteil. Die praktisch einzige Durchbruchsmöglichkeit ist f2-f4,
aber die schwarze Stellung ist dann sehr verteidigungsfähig.} 23. Nc1 {[%cal
Gc1d3] Der Springer möchte wie zuvor (18.Nc1) das ideale Feld d3 besetzen. Das
ist in dieser geschlossenen Zentrumsformation ein gängiges Standardmanöver.}
Bg7 24. Nd3 Rf8 25. f4 $6 $13 {Prinzipiell ist dieser Zug nicht schlecht, aber
ich glaube, Weiß kann den Vorstoß noch durch vorherige Verbesserung seiner
Figurenstellung vorbereiten.} (25. g4 $5 hxg4 26. hxg4 $14 {[%csl Rh7]}) 25...
exf4 (25... f6 $2 26. f5 $16) (25... exf4) 26. Bxf4 (26. gxf4 f5 (26... Rde8
$11) 27. exf5 gxf5 (27... Rxf5 28. Be4 $16 {[%cal Gb1h7]}) 28. Qd1 Nf6 $11)
26... Rde8 {[%csl Ye5]} 27. Kh1 Ne5 $15 {[%csl Gc8,Rg2,Gg7] Der schwarze
Springer steht phantastisch auf e5. Schwarz kann das Spiel später mit ...f5
öffnen.} 28. Rdf2 f5 $36 29. Nxe5 Bxe5 30. h4 (30. exf5 Bxf5 31. Qd1 $5) 30...
Qg7 $1 {Die schwarze Dame steht ausgezeichnet auf der langen Diagonalen und
auf den schwachen schwarzen Feldern im Lager des Anziehenden gibt es allerlei
Möglichkeiten einzudringen (z.B. c3/d4). Weiß kann nur abwarten.} 31. Qc2 Re7
32. Kh2 Bxf4 33. Rxf4 Rfe8 {[%csl Gc8,Ge7,Ge8,Rg2]} 34. Qe2 $2 (34. Qd1 $15)
34... Qc3 {[%csl Rb3,Gc3]} 35. R1f3 (35. Qd1 fxe4 36. Rf7+ Kg8) 35... Rxe4 $1
$17 36. Rxe4 (36. Rxc3 Rxe2 $17 {Schwarz besitzt einen Mehrbauern, aber noch
bedeutender ist seine Herrschaft über die e-Linie.}) 36... Rxe4 {Die weiße
Lage ist sehr schwierig, aber ich glaube, er könnte vielleicht noch ein paar
Züge machen. Ich denke, er überschritt hier die Bedenkzeit.} (36... Rxe4 37.
Qf2 $17 {[%csl Gc3,Ge4]} (37. Qf1 $17) (37. Qxe4 fxe4 38. Rxc3 bxc3 39. Bxe4
Bf5 40. Bxf5 gxf5 $19)) 0-1

[Event "RUS-ch m1-2"]
[Site "Elista"]
[Date "1997.05.20"]
[Round "1.2"]
[White "Ibragimov, Ildar"]
[Black "Yandemirov, Valeri"]
[Result "1-0"]
[WhiteElo "2555"]
[BlackElo "2500"]
[Annotator "Ribli,Z"]
[PlyCount "97"]
[EventDate "1997.05.19"]
[EventType "k.o."]
[EventRounds "6"]
[EventCountry "RUS"]
[SourceTitle "CBM 059"]
[Source "ChessBase"]
[SourceDate "1997.08.01"]
[SourceVersion "1"]
[SourceVersionDate "1997.08.01"]
[SourceQuality "1"]

1. c4 {Petursson} Nf6 2. Nc3 d5 3. cxd5 Nxd5 4. g3 g6 5. Bg2 Nxc3 (5... Nb6 $5)
6. bxc3 Bg7 7. Rb1 {[%csl Gb1,Gg2][%cal Rg2b7,Rb1b7]} Nd7 (7... O-O 8. Rxb7 (8.
Bxb7 $4 Bxb7 9. Rxb7 Qd5)) 8. c4 (8. Nf3 $5 O-O 9. O-O Rb8 10. d4 b6 11. d5 $1
Bb7 (11... Bxc3 12. Nd4 $44) 12. Nd4 Nc5 13. c4 e6 14. e4 c6 $5 15. Nxc6 Bxc6
16. dxc6 Qc7 17. e5 $1 {1-0 Gelfand,B-Shirov,A/Belgrade Invest 1995 (37)}) (8.
Bxb7 $2 Bxb7 9. Rxb7 Nb6 {[%csl Rb7]}) 8... O-O 9. Nf3 {In dieser Variante hat
Weiß eine besonders massive Bauernstruktur sowie die halboffene b-Linie.
Aufgrund dieser Faktoren besitzt er potentiell Initiative am Damenflügel.Ribli.
} Rb8 (9... e5 10. d3 h6) 10. O-O b6 (10... e5 11. d3 b6 12. Nd2 Re8 13. Nb3
Ba6 14. Qc2 Nf6 15. a4 Qc8 16. c5 Qg4 17. Re1 Rbd8 18. a5 Qh5 19. axb6 axb6 20.
Nd2 Bc8 21. cxb6 cxb6 22. Rxb6 {1-0 Heinbuch,D-Gutman,L/BL8586 1986 (36)}) (
10... c5 11. d3 b6 12. Bf4 e5 13. Bd2 Bb7) 11. d4 $14 {Weiß hat Raumvorteil
und freie Hand im Zentrum, während Schwarz vor dem Problem steht, sein
Gegenspiel zu organisieren.Ribli.} Bb7 $6 (11... e5 $5 12. Ba3 Re8 13. dxe5 Bb7
$1 14. Qc2 Nxe5 15. Rfd1 Qc8 16. Nxe5 Bxg2 17. Kxg2 Rxe5 {/\Rh5} 18. Rd5 Qe6
19. Rxe5 Bxe5 20. Rd1 Re8 21. Qe4 Bf6 22. Qxe6 Rxe6 23. Kf3 $10 {Botvinnik,
M-Smyslov,V/Wch22-Moscow 1958/1-0 (68)}) 12. d5 (12. Bf4 h6 13. Qd2 Kh7 14.
Rfd1 Nf6 15. Be5 Ne4 16. Qc2 Ng5 17. Bxg7 Nxf3+ 18. Bxf3 Kxg7 19. d5 $14 {
Delaune,R-Acosta,M/Saint John op-2 1988/1-0 (79)}) 12... c6 $6 (12... Ne5 $5)
13. Bf4 Rc8 14. Nd4 cxd5 15. cxd5 {[%csl Rc6] Schwarz hat eine ewige Schwäche
auf c6. Wenn Weiß den Punkt c6 mit einer Figur besetzt und Schwarz sich zum
Abtausch seines Bb7 verleiten läßt, ist der resultierende weiße Freibauer auf
c6 eine Macht.Ribli.} Nf6 (15... Nc5 16. Nc6 Bxc6 (16... Qd7 17. Nxa7) 17. dxc6
{[%csl Gc6]} e5 18. Be3 e4 19. Bxc5 $16) 16. Nc6 Qd7 17. Rc1 (17. Nxa7 $6 Rc5
18. Nc6 (18. e4 Ba6) 18... Nxd5 19. Bxd5 Bxc6 $11 (19... Rxd5 $2 20. Qxd5 Qxd5
21. Nxe7+)) 17... e6 (17... Nxd5 $4 18. Qxd5 Bxc6 19. Rxc6) 18. Ne5 Rxc1 19.
Qxc1 Qb5 20. a4 $1 {Ein sehr wichtiger Zwischenzug.Ribli.} (20. dxe6 $2 Bxg2
21. exf7+ Kh8 22. Kxg2 g5 23. Bxg5 (23. a4 Qd5+ $17) 23... Qxe5 $17) 20... Qxa4
(20... Qxe2 21. dxe6 Bxg2 22. exf7+ Kh8 23. Kxg2 g5 24. Re1 $16) 21. dxe6 Bxg2
22. exf7+ Kh8 23. Kxg2 Nd5 (23... Qe4+ 24. Nf3 (24. f3 Qxe2+ 25. Rf2 Qb5 $13)
24... Rxf7 {Das führt zu einer ähnlichen Stellung wie in der Partie.Ribli.})
24. Bh6 $1 Qe4+ 25. Nf3 Rxf7 26. Bxg7+ Kxg7 {Schwarz hat zwei entfernte
Freibauer in unserer Stellung. Aber - da wir noch die Damen auf dem Brett
haben - ist das nicht allzu relevant. Wichtiger ist, daß die schwarze
Königsstellung viel schwacher als die von Weiß ist. D.h. der Anziehende ist
hier im Vorteil.Ribli.} 27. Qb2+ $36 Nf6 28. Rd1 {[%cal Gd1d8,Gb2f6]} Re7 29.
Rd6 Re6 30. Rd2 (30. Rd7+ Re7) 30... Qc6 31. Kg1 {Die Fesselung war unangenehm
für Weiß. Nun kann auch sein Springer in den Angriff eingreifen.Ribli.} Rd6 32.
Nd4 {Natürlich tauscht Weiß nicht.Ribli.} Qd7 (32... Qd5 $2 33. Nf5+ $16) (
32... Qc5 {Petursson}) 33. e4 $16 {[%cal Re4e6,Rb2g7,Rd2d8] Weiß mobilisiert
seine ganze Kraft. Ich sehe nicht,wie Schwarz sich verteidigen könnte. Ribli.}
Qe7 (33... Nxe4 $2 34. Nf5+ $18) 34. e5 Qxe5 35. Nf5+ gxf5 (35... Qxf5 36. Rxd6
{[%csl Gd6][%cal Yb2g7] Die Feßlung ist sehr unangenehm für Schwarz, er
befindet sich in einer aussichtslosen Lage.Ribli.}) 36. Qxe5 Rxd2 {Die
schwarze Stellung ist kaum mehr zu halten. Es gibt ganz kleine praktische
Gegenchancen,aber der weiße Angriff setzt sich fort.Ribli.} 37. Qxf5 Rd5 38.
Qe6 {[%csl Ge6] Droht 39.Qe7 mit erneuetem Bauerngewinn, und nach 38...a5
hängt Pb6.Ribli.} Rd7 39. g4 $1 {Der Marsch des weißen Bauern entscheidet die
Partie.Ribli.} Rf7 40. f4 Ng8 41. f5 {Schwarz kann zu seinem Unglück keine
verteidigungsfähige Stellung erreichen, da sich die weißen Bauern gut und
schnell mobilisieren lassen.Ribli.} Nh6 42. h3 a5 43. Qe5+ (43. Qxb6 $2 Nxf5
44. gxf5 Rxf5 {Und Schwarz hat gute Remischancen.Ribli.}) 43... Kf8 44. f6 Rd7
45. Qe6 Rd1+ 46. Kf2 Ng8 47. g5 Rd8 48. Qxb6 $18 Rd7 49. Qc5+ {Und Schwarz gab.
} (49. Qc5+ {Nach} Kf7 50. Qf5 Rd2+ {gewinnt} 51. Ke3 {leicht.}) 1-0

[Event "Warsaw"]
[Site "Warsaw"]
[Date "1990.??.??"]
[Round "10"]
[White "Chekhov, Valery A"]
[Black "Jasnikowski, Zbigniew"]
[Result "1-0"]
[WhiteElo "2455"]
[BlackElo "2445"]
[Annotator "Ribli,Z"]
[PlyCount "93"]
[EventDate "1990.01.??"]
[EventType "tourn"]
[EventRounds "13"]
[EventCountry "POL"]
[EventCategory "9"]
[SourceTitle "CBM 017"]
[Source "ChessBase"]
[SourceDate "1990.08.01"]
[SourceVersion "1"]
[SourceVersionDate "1990.08.01"]
[SourceQuality "1"]

1. Nf3 Nf6 2. c4 g6 3. Nc3 d5 4. cxd5 Nxd5 5. Qa4+ Bd7 6. Qh4 Nxc3 7. dxc3 Nc6
8. e4 e5 9. Qxd8+ Rxd8 10. Be3 f6 11. O-O-O $5 a6 12. Bc4 Bd6 13. b4 b5 $6 {
13...Ke7 14.Kb2, Be6 15.Nd2} 14. Be2 Be6 15. Kb2 Nb8 16. Ra1 $1 Nd7 17. a4 {+/=
} c5 18. Rhd1 $1 Ke7 19. axb5 cxb4 {19...axb5 20.Ra6 +/-} 20. Rxa6 bxc3+ 21.
Kxc3 Rc8+ 22. Kb2 Bc5 23. Nd2 Bxe3 24. fxe3 Rc7 25. Rc1 Nc5 26. Ra3 Rhc8 27.
Kb1 $1 Rd7 28. Rc2 Rdc7 29. h3 Kd6 30. Bg4 $1 f5 31. exf5 gxf5 32. Be2 f4 33.
Bg4 $1 Bxg4 34. hxg4 fxe3 35. Rxe3 Na4 36. Ne4+ Ke6 37. Rxc7 Rxc7 38. Ra3 Nc5
39. Rc3 Kd5 40. b6 $1 Rb7 41. Nxc5 Rxb6+ 42. Kc2 e4 43. Nb3 Ke5 44. g3 Rg6 45.
Rc5+ Kd6 46. g5 h6 47. Kd2 1-0

[Event "Tan Chin Nam Cup 1st"]
[Site "Beijing"]
[Date "1995.??.??"]
[Round "6"]
[White "Boensch, Uwe"]
[Black "Xie, Jun"]
[Result "1/2-1/2"]
[WhiteElo "2560"]
[BlackElo "2540"]
[Annotator "Ribli,Z"]
[PlyCount "112"]
[EventDate "1995.08.??"]
[EventType "tourn"]
[EventRounds "9"]
[EventCountry "CHN"]
[EventCategory "11"]
[SourceTitle "CBM 049"]
[Source "ChessBase"]
[SourceDate "1995.12.01"]
[SourceVersion "1"]
[SourceVersionDate "1995.12.01"]
[SourceQuality "1"]

1. c4 Nf6 2. Nc3 g6 3. g3 d5 4. cxd5 Nxd5 5. Bg2 Nb6 6. d3 Bg7 7. Be3 (7. Bd2
$5 Nc6 8. Qc1 Nd4 9. Nf3 c5 10. Ne4 Bf5 11. Nxd4 cxd4 12. Bh6 Rc8 13. Qd2 O-O
14. h4 $16 {Polugaevsky,L-Sax,Gy/Hilversum/1973/INF15,24/}) 7... Nc6 $5 {
Die Weltmeisterin hat keine Angst vor dem Doppelbauer auf der c-Linie.} 8.
Bxc6+ bxc6 9. Qc1 (9. Qd2 h5 10. h3 Bf5 11. Rc1 a5 12. b3 a4 $13 {Alterman,
B-Mikhalevski,V/Rishon le Zion/1995/CBM46/}) 9... h6 $5 10. Nf3 Bh3 11. Rg1 Bg4
12. Nd2 Nd5 13. Nxd5 Qxd5 {Eine interessante Neuerung. Schwarz will mit
aktivem Figurenspiel seine schlechte Bauernstruktur kompensieren.} (13... cxd5
14. Nb3 Qd6 15. f3 Bd7 16. d4 $14 {Petrosian,T-Schmidt,Wl/Skopje ol/1972/INF14,
34/}) 14. f3 Bd7 15. Kf2 g5 16. Qc4 {Weiss opfert einen Bauern, die Initiative
zu uebernehmen.} (16. Nc4 $5) 16... Bxb2 17. Rab1 Be5 $5 {Richtig! Schwarz
soll den c7-Bauer decken.} 18. Rb7 (18. Rgc1 $5 O-O 19. Qa4 $44) 18... a5 19.
Rgb1 Be6 (19... O-O 20. Bc5 Rfe8 21. d4 Bf6 22. Qxd5 cxd5 23. Rxc7 $14) 20. Qa4
O-O 21. Nc4 Bc8 22. Rb8 Rxb8 23. Rxb8 Bc3 {Sonst nimmt Weiss den a5-Bauer und
steht besser.} 24. Qc2 (24. Qa3 $5 Bb4 25. Qb2 $1 $44 {Droht a3 und Ra8.}) (24.
Rb3 Bb4 25. a3 Qb5 $1 26. Qxb5 cxb5 27. axb4 bxc4 28. dxc4 axb4 29. Rxb4 Be6
$10) 24... Bd4 25. Qd2 (25. Ra8 $5) 25... Be6 26. Rxf8+ Kxf8 27. a4 (27. Qxa5
Bxe3+ 28. Kxe3 Qxa5 29. Nxa5 Bxa2 30. Nxc6 $10) 27... Qc5 $1 28. Bxd4 Qxd4+ 29.
e3 Qa1 30. Qb2 Qxb2+ (30... Qxa4 $4 31. Qh8#) 31. Nxb2 {Weiss hat einen Bauer
weniger im Endspiel, trotzdem steht er nicht schlechter.} Ke8 32. Ke2 Kd7 33.
Kd2 Kd6 34. Kc3 c5 35. f4 f6 36. h4 gxh4 37. gxh4 Bf7 38. Nc4+ Bxc4 39. Kxc4 e6
(39... c6 $2 40. h5 f5 41. e4 e5 42. fxe5+ Kxe5 43. exf5 Kxf5 44. Kxc5 Kg4 45.
Kxc6 Kxh5 46. d4 Kg6 47. d5 h5 48. d6 h4 49. d7 h3 50. d8=Q $18) (39... Kc6 $2
40. f5 Kd6 41. e4 Kc6 42. h5 Kd6 43. Kb5 c6+ 44. Kxa5 c4 45. dxc4 Kc5 46. Ka6
Kxc4 47. Kb6 c5 48. a5 Kd4 49. a6 c4 50. a7 c3 51. a8=Q $18) 40. Kb5 Kd5 41.
Kxa5 c4 42. dxc4+ Kxc4 43. Ka6 c5 44. Kb6 Kb4 45. a5 c4 46. a6 c3 47. a7 c2 48.
a8=Q c1=Q 49. Qe4+ (49. Qf8+ $5 Kb3 50. Qxf6 Qxe3+ 51. Kc6 $14) 49... Qc4 $1
50. Qb1+ Kc3 (50... Qb3 $2 51. Qxb3+ Kxb3 52. Kc5 Kc3 53. Kd6 Kd3 54. Kxe6 Kxe3
55. f5 Kf4 56. Kxf6 Kg4 57. Kg6 Kxh4 58. f6 h5 59. f7 $18) 51. Qa1+ Kd2 52.
Qxf6 Kxe3 53. Qxh6 Qxf4 54. Qxe6+ Qe4 55. Qh3+ Kf4 56. h5 Kg5 {Ribli} 1/2-1/2